| 000 | 00754nam a22002657a 4500 | ||
|---|---|---|---|
| 001 | BR2020000191 | ||
| 003 | BR-BrBNA | ||
| 005 | 20231009111034.0 | ||
| 008 | 230509b bl.||||| |||| 00| 0 por d | ||
| 040 |
_aBR-BrBNA _bpor |
||
| 041 | _a(Por) | ||
| 072 | _aE10 | ||
| 090 | _aE10 BR2020000191 | ||
| 100 | 1 | _aStephanes, R. | |
| 245 | 1 | _aFertilizantes: marco regulatório e diretrizes para uma política autossuficiente | |
| 260 | 3 |
_a[np](Brasil): _c2014. |
|
| 300 | _a188 p. | ||
| 500 | _aIncludes several bibliographies; 14 illus; 5 tables | ||
| 650 | _aFERTILIZANTE | ||
| 650 | _aFERTILIZANTE POTÁSSICO | ||
| 650 | _aFERTILIZANTE FOSFATADO | ||
| 909 |
_a202012 _bMara |
||
| 942 | _cBK | ||
| 999 |
_c85387 _d85387 |
||